Statistics for African Geography by Letter - V

Click here to take the quiz!

General Stats

  • This quiz has been taken 71 times
  • The average score is 8 of 20

Answer Stats

HintAnswer% Correct
Largest lake in AfricaLake Victoria
100%
Capital of the SeychellesVictoria
100%
Former island which is the main business and financial centre of Lagos, NigeriaVictoria Island
100%
Cape _____ is an island country in the AtlanticVerde
90%
Mount Nyriagongo in the DR Congo is avolcano
75%
Horn commonly used at soccer games in South Africavuvuzela
71%
Fifth century Germanic kingdom in North Africa that sacked Rome in 455Vandal Kingdom
56%
Area where pharaohs of the New Kingdom of Egypt were buriedValley of the Kings
53%
The above is named after Cap-_____ in Senegal, which is the westernmost point in continental AfricaVert
35%
A type of flat, wide open landscape covered in grass or low scrubs, found in southern AfricaVeld
31%
Official language in South African and ZimbabweVenda
25%
Mountain range in Uganda, Rwanda, and the Democratic Republic of the Congo, with several active volcanoesVirunga Mountains
15%
First level administrative division of the Ottoman Empire (which reached into North Africa)vilayet
12%
River in South Africa which is the longest tributary of the Orange RiverVaal River
10%
City in South Africa on the shore of the above riverVereeniging
10%
One of the most successful football clubs in the DR CongoVita Club
6%
Island in northern MozambiqueVamizi Island
4%
Northernmost district of South AfricaVhembe
4%
An active volcano in the above range, in RwandaMount Visoke
3%
Possible meteorite crater in SenegalVélingara
3%

Score Distribution

Percentile by Number Answered

Percent of People with Each Score

Your Score History

You have not taken this quiz